Dopasuj tramwaj do zdjęcia - wersja Poznań - Statystyki

Ogólne statystyki
  • Ten quiz został rozwiązany 47 razy
    44 od ostatniego zresetowania
  • Średni wynik to 6 z 8
Statystyki odpowiedzi
Zagadnienie Odpowiedź % Poprawnych
Konstal 105Na
98%
Solaris Tramino
93%
Siemens Combino
84%
Tatra RT6
82%
Moderus Alfa
80%
Moderus Beta
80%
Moderus Gamma LF04
57%
Moderus Gamma LF02
41%
Nie znaleziono quizów pasujących do podanych kryteriów
Rozkład punktacji
Procent ludzi z każdym wynikiem
Percentyl według liczby udzielonych odpowiedzi
Twoja historia wyników
Nie rozwiązałeś tego quizu od ostatniego zresetowania